Countries that reject passports from Israel - Statistics

General Stats
  • This quiz has been taken 1,764 times
    1,127 since last reset
  • The average score is 9 of 12
Answer Stats
Countries % Correct
Iran
95%
Iraq
93%
Saudi Arabia
91%
Syria
90%
Yemen
90%
Lebanon
87%
Libya
78%
Pakistan
78%
Algeria
77%
Kuwait
77%
Malaysia
47%
Brunei
37%
No matching quizzes found
Score Distribution
Percent of People with Each Score
Percentile by Number Answered
Your Score History
You have not taken this quiz since the last reset